Quick Pick: July Things Quiz Stats

 Plays Quiz Updated Jul 13, 2019

Score 0/10 Timer 00:45
1 Play Today
% Correct
Julius Caesar
83.1%
The Fourth of July
82.5%
Julianne Moore
77.6%
July, West Virginia
72.8%
Born on the Fourth of July
70.9%
Cassandra July
60.7%
July War
58.7%
July Crisis
51.1%
Cold Day in July
42.9%
July Talk
27.6%

Today's Daily Dose

Missing Word
1940s A-Z

Quick Pick
'S' Athletes

Get the Picture
Depp or Bonham Carter

You're not logged in!

Compare scores with friends on all Sporcle quizzes.
OR
Log In

Sporcle TV

Today on Sporcle TV


Watch our educational content, quiz creation guides, and fun videos on Sporcle TV.

Show Comments

Extras

Top Quizzes Today


Score Distribution

Your Account Isn't Verified!

In order to create a playlist on Sporcle, you need to verify the email address you used during registration. Go to your Sporcle Settings to finish the process.

Report this User

Report this user for behavior that violates our Community Guidelines.

Details: